| 000 | 00366nam a22001577a 4500 | ||
|---|---|---|---|
| 003 | OSt | ||
| 005 | 20211014130113.0 | ||
| 008 | 211014b |||||||| |||| 00| 0 eng d | ||
| 020 | _a0521591406 | ||
| 040 | _cHU | ||
| 100 |
_aFIKRET BERKES _913673 |
||
| 245 | _aLINKING SOCIAL AND ECOLOGICAL SYSTEMSLL | ||
| 260 | _aLENDENE | ||
| 300 | _a459 | ||
| 942 |
_2ddc _cBOOKS _n0 |
||
| 999 |
_c12770 _d12770 |
||